ATCC/V8 Supercars Champions - Statistics

General Stats
  • This quiz has been taken 82 times
  • The average score is 42 of 63
Answer Stats
Year Nationality Team Car Driver % Correct
2016 New Zealand Triple Eight Race Engineering Holden VF Commodore Shane van Gisbergen
92%
2021 New Zealand Triple Eight Race Engineering Holden Commodore ZB Shane van Gisbergen
92%
2022 New Zealand Triple Eight Race Engineering Holden Commodore ZB Shane van Gisbergen
92%
1981 Australia Dick Johnson Racing Ford XD Falcon Dick Johnson
88%
1982 Australia Dick Johnson Racing Ford XD Falcon Dick Johnson
88%
1984 Australia Dick Johnson Racing Ford XE Falcon Dick Johnson
88%
1988 Australia Dick Johnson Racing Ford Sierra RS500 Dick Johnson
88%
1989 Australia Dick Johnson Racing Ford Sierra RS500 Dick Johnson
88%
2008 Australia Triple Eight Race Engineering Ford BF Falcon Jamie Whincup
84%
2009 Australia Triple Eight Race Engineering Ford FG Falcon Jamie Whincup
84%
2011 Australia Triple Eight Race Engineering Holden VE Commodore Jamie Whincup
84%
2012 Australia Triple Eight Race Engineering Holden VE Commodore Jamie Whincup
84%
2013 Australia Triple Eight Race Engineering Holden VF Commodore Jamie Whincup
84%
2014 Australia Triple Eight Race Engineering Holden VF Commodore Jamie Whincup
84%
2017 Australia Triple Eight Race Engineering Holden VF Commodore Jamie Whincup
84%
1996 Australia Holden Racing Team Holden VR Commodore Craig Lowndes
82%
1998 Australia Holden Racing Team Holden VS Commodore Holden VT Commodore Craig Lowndes
82%
1999 Australia Holden Racing Team Holden VT Commodore Holden VS Commodore Craig Lowndes
82%
2015 Australia Prodrive Racing Australia Ford FG X Falcon Mark Winterbottom
82%
1974 Australia Holden Dealer Team Holden LJ Torana GTR XU-1Holden LH Torana SL/R 5000 Peter Brock
82%
1978 Australia Holden Dealer Team Holden LX Torana SS A9X Peter Brock
82%
1980 Australia Holden Dealer Team Holden VB Commodore Peter Brock
82%
1992 Australia Gibson Motorsport Nissan Skyline BNR32 GT-R Mark Skaife
80%
1994 Australia Gibson Motorsport Holden VP Commodore Mark Skaife
80%
2000 Australia Holden Racing Team Holden VT Commodore Mark Skaife
80%
2001 Australia Holden Racing Team Holden VX Commodore Mark Skaife
80%
2002 Australia Holden Racing Team Holden VX Commodore Mark Skaife
80%
1993 Australia Glenn Seton Racing Ford EB Falcon Glenn Seton
76%
1997 Australia Glenn Seton Racing Ford EL Falcon Glenn Seton
76%
2018 New Zealand DJR Team Penske Ford FG X Falcon Scott McLaughlin
76%
2019 New Zealand DJR Team Penske Ford Mustang GT Scott McLaughlin
76%
2020 New Zealand DJR Team Penske Ford Mustang GT Scott McLaughlin
76%
1973 Canada Ford Motor Company Ford XY Falcon GTHO Phase III Allan Moffat
74%
1976 Canada Allan Moffat Racing Ford XB Falcon GT Allan Moffat
74%
1977 Canada Moffat Ford Dealers Ford XB Falcon GT Ford XC Falcon GS Allan Moffat
74%
1983 Canada Peter Stuyvesant International Racing Mazda RX-7 Allan Moffat
74%
1962 Australia R. Jane Jaguar Mark 2 3.8 Bob Jane
70%
1963 Australia R. Jane Jaguar Mark 2 4.1 Bob Jane
70%
1971 Australia Bob Jane Racing Team Chevrolet Camaro ZL-1 Bob Jane
70%
1972 Australia Bob Jane Racing Chevrolet Camaro ZL-1 Bob Jane
70%
2007 Australia HSV Dealer Team Holden VE Commodore Garth Tander
70%
2003 Australia Stone Brothers Racing Ford BA Falcon Marcos Ambrose
70%
2004 Australia Stone Brothers Racing Ford BA Falcon Marcos Ambrose
70%
2006 Australia HSV Dealer Team Holden VZ Commodore Rick Kelly
68%
1985 New Zealand JPS Team BMW BMW 635 CSi Jim Richards
64%
1987 New Zealand JPS Team BMW BMW M3 Jim Richards
64%
1990 New Zealand Gibson Motorsport Nissan Skyline HR31 GTS-R Nissan Skyline BNR32 GT-R Jim Richards
64%
1991 New Zealand Gibson Motorsport Nissan Skyline BNR32 GT-R Jim Richards
64%
2010 Australia Dick Johnson Racing Ford FG Falcon James Courtney
58%
1995 Australia Dick Johnson Racing Ford EF Falcon John Bowe
56%
2005 Australia Stone Brothers Racing Ford BA Falcon Russell Ingall
54%
1960 Australia D. McKay Jaguar Mark 1 3.4 David McKay
48%
1975 Australia Holden Dealer Team Holden LH Torana SL/R 5000 L34 Colin Bond
26%
1979 Australia Ron Hodgson Channel 7 Racing Holden LX Torana SS A9X Bob Morris
22%
1964 Australia Total Team Ford Cortina Mark I GT Ian Geoghegan
22%
1966 Australia Mustang Team Ford Mustang Ian Geoghegan
22%
1967 Australia Mustang Team Ford Mustang Ian Geoghegan
22%
1968 Australia Mustang Team Ford Mustang Ian Geoghegan
22%
1969 Australia Mustang Team Ford Mustang Ian Geoghegan
22%
1965 Australia Neptune Racing Team Ford Mustang Norm Beechey
18%
1970 Australia Shell Racing Team Holden HT Monaro GTS350 Norm Beechey
18%
1986 New Zealand Volvo Dealer Team Volvo 240T Robbie Francevic
18%
1961 Australia Mrs DI Anderson Jaguar Mark 1 3.4 Bill Pitt
14%
No matching quizzes found
Score Distribution
Percent of People with Each Score
Percentile by Number Answered
Your Score History
You have not taken this quiz